| 000 | 00835nas a2200277 4500 | ||
|---|---|---|---|
| 001 | BR2014004827 | ||
| 003 | BR-BrBNA | ||
| 005 | 20231205124336.0 | ||
| 007 | ta | ||
| 008 | 230509b bl.|||p| |||| 00| 00por d | ||
| 040 |
_aBR-BrBNA _bpor _cBiblioteca Nacional de Agricultura |
||
| 041 | _a(En) | ||
| 072 | _aH60 | ||
| 100 | 1 | _aKaspary, T.E. | |
| 100 | 1 | _aLamego, F.P. | |
| 100 | 1 | _aCutti, L. | |
| 100 | 1 | _aAguiar, A.C.M. | |
| 100 | 1 | _aBellé, C. | |
| 245 | 1 | _aDetermination of photosynthetic pigments in fleabane biotypes susceptible and resistant to the herbicide glyphosate | |
| 650 | _aERVA DANINHA | ||
| 650 | _aHERBICIDA | ||
| 650 | _aCLOROFILA | ||
| 773 | 0 |
_tPlanta Daninha (Brazil) _xISSN 0100-8358 _g(2014), v. 32(2) p. 417-426 _wBR2014004827 |
|
| 909 |
_a202311 _bLúcia _c55 _dLúcia Elande |
||
| 942 |
_2AGRIS _n0 _cANA |
||
| 999 |
_c238578 _d238578 |
||